The estate agency industry (Record no. 114318)
[ view plain ]
| 000 -LEADER | |
|---|---|
| fixed length control field | 00656cam a22001695a 4500 |
| 001 - CONTROL NUMBER | |
| control field | L156609 |
| 008 - FIXED-LENGTH DATA ELEMENTS--GENERAL INFORMATION | |
| fixed length control field | 120612s1992 xxk f 000 0 eng d |
| 035 ## - SYSTEM CONTROL NUMBER | |
| System control number | (Sirsi) u156609 |
| 041 0# - LANGUAGE CODE | |
| Language code of text/sound track or separate title | eng |
| 245 04 - TITLE STATEMENT | |
| Title | The estate agency industry |
| Remainder of title | proposals for change |
| 260 ## - PUBLICATION, DISTRIBUTION, ETC. | |
| Place of publication, distribution, etc. | [S.l.] |
| Name of publisher, distributor, etc. | [s.n.] |
| Date of publication, distribution, etc. | [1992] |
| 300 ## - PHYSICAL DESCRIPTION | |
| Extent | 1 v. |
| Dimensions | 30 cm. |
| 520 ## - SUMMARY, ETC. | |
| Summary, etc. | A research report proposing the establishment of a national computer network to provide a register of all propoerties for sale. This "National Property Register" would be run by a commercial organisation called Demographic Information Marketing. |
| 651 #4 - SUBJECT ADDED ENTRY--GEOGRAPHIC NAME | |
| Geographic name | United Kingdom |
| Chronological subdivision | |
| 690 ## - LOCAL SUBJECT ADDED ENTRY--TOPICAL TERM (OCLC, RLIN) | |
| Topical term or geographic name as entry element | Sales |
| 9 (RLIN) | 6269 |
| 942 ## - ADDED ENTRY ELEMENTS (KOHA) | |
| Suppress in OPAC | 0 |
| Withdrawn status | Lost status | Source of classification or shelving scheme | Damaged status | Not for loan | Home library | Current library | Shelving location | Date acquired | Total Checkouts | Full call number | Barcode | Date last seen | Copy number | Price effective from | Koha item type |
|---|---|---|---|---|---|---|---|---|---|---|---|---|---|---|---|
| Dewey Decimal Classification | London | London | Basement | 12/06/2012 | RESERVE | 30076527 | 06/08/2019 | 1 | 06/08/2019 | Book |